000 00506nam a2200181Ia 4500
005 20250326142553.0
008 250326s9999 xx 000 0 und d
037 _aTextbook
040 _aFMSL
_beng
_cFMSL
041 _aeng
_2eng
084 _qFMSL
100 _aIndia (govt Of.............)
245 0 _aExport and Import Policy (Duty Exemption Sechme)
_cIndia (govt Of.............)
260 _aGovt.
_bGovt., of India
_c1992
300 _a214p
942 _cTB
999 _c1295636
_d1295636